Catálogo público

Desarrollos Actuales en las Nuevas Proteínas / (Record no. 172758)

MARC details
000 -CABECERA
campo de control de longitud fija 00631nam a2200241Ia 4500
001 - NÚMERO DE CONTROL
campo de control dia_2239
003 - IDENTIFICADOR DEL NÚMERO DE CONTROL
campo de control CHAP
005 - FECHA Y HORA DE LA ÚLTIMA TRANSACCIÓN
campo de control 20221130102049.0
008 - DATOS DE LONGITUD FIJA--INFORMACIÓN GENERAL
campo de control de longitud fija 220117sS.A. xx 000 0 und d
010 ## - NÚMERO DE CONTROL DE LA BIBLIOTECA DEL CONGRESO
Número de control de LC 172758
040 ## - FUENTE DE LA CATALOGACIÓN
Centro/agencia transcriptor CHAP
082 ## - NÚMERO DE LA CLASIFICACIÓN DECIMAL DEWEY
Número de clasificación 641.12 H82
100 ## - ENTRADA PRINCIPAL--NOMBRE DE PERSONA
Nombre de persona Hudson, B.J.F.
9 (RLIN) 56630
245 ## - MENCIÓN DE TÍTULO
Título Desarrollos Actuales en las Nuevas Proteínas /
Mención de responsabilidad, etc. por B.J.F. Hudson
260 ## - PUBLICACIÓN, DISTRIBUCIÓN, ETC.
Lugar de publicación, distribución, etc. S.P.I.
Fecha de publicación, distribución, etc. S.A.
300 ## - DESCRIPCIÓN FÍSICA
Extensión 22 p.
500 ## - NOTA GENERAL
Nota general Donación
650 ## - PUNTO DE ACCESO ADICIONAL DE MATERIA--TÉRMINO DE MATERIA
Término de materia o nombre geográfico como elemento de entrada 1.Proteínas
9 (RLIN) 150696
901 ## - ELEMENTOS DE DATOS A LOCAL LDA (RLIN)
a 641.12 H82
902 ## - ELEMENTOS DE DATOS B LOCAL, LDB (RLIN)
a M
905 ## - ELEMENTOS DE DATOS E LOCAL, LDE (RLIN)
a 000000S.A. SPIX 0000000000ESP00
942 ## - ELEMENTOS DE PUNTO DE ACCESO ADICIONAL (KOHA)
Tipo de ítem Koha Libro
Fuente del sistema de clasificación o colocación Dewey Decimal Classification
Holdings
Estado de retiro Estado de pérdida Fuente del sistema de clasificación o colocación Estado dañado No para préstamo Código de colección Localización permanente Ubicación/localización actual Ubicación en estantería Fecha de adquisición Información codificada de la localización en otra ubicación Total de préstamos Código de barras Fecha visto por última vez Número de copia Precio válido a partir de Tipo de ítem Koha
    Dewey Decimal Classification     General Ingenieria Agroindustrial Ingenieria Agroindustrial   18/01/2022 1   dia_822 18/01/2022 1 18/01/2022 Libro